| 000 | 01251nam a2200253Ia 4500 | ||
|---|---|---|---|
| 999 |
_c34476 _d34476 |
||
| 001 | 225 | ||
| 003 | GE_BSU | ||
| 005 | 20221227124145.0 | ||
| 008 | 181216s2008||||ge |||||||||||||| ||geo|| | ||
| 020 | _a9789941008160 | ||
| 040 | _cGE_BSU | ||
| 041 | _ageo | ||
| 080 | _a34(075.8) ა-53 | ||
| 100 |
_aალფაიძე, თამარ _99362 |
||
| 245 |
_aშესავალი სამართალმცოდნეობაში : _b[სახელმძღვ. იურიდ. ფაკ. სტუდ.] / _cთამარ ალფაიძე ; [რედ. პაატა ცნობილაძე ; ფოტ. ავტ.: შიდა ყდა ნანა გოგუაძე, უკანა ყდა ალექსანდრე ბაგრატიონ-დავიდოვი]. |
||
| 264 |
_aთბილისი, _c2008. |
||
| 300 |
_a471 გვ.; _b23 სმ. |
||
| 504 | _aბიბლიოგრ. ტექსტ. შენიშვნ. | ||
| 520 | _aრეზ. ინგლ. | ||
| 653 | _aსამართალმცოდნეობა | ||
| 653 | _aსამართალი | ||
| 700 |
_aცნობილაძე, პაატა _eრედაქტორი _98149 |
||
| 942 |
_cBK _2udc |
||